000
00268nam a2200109Ia 4500
008
220204s9999 xx 000 0 und d
082
_a
82-3
_b
COL
100
_a
Collodi, Carlo
245
4
_a
The Adventures of Pinocchio
260
_a
New York
_b
Airmont
_c
1966
942
_c
BK
999
_c
38232
_d
38232